The politicisation of Islam : a case study of Tunisia /
"The Politicisation of Islam: A Case Study of Tunisia traces the emergence, rise, and recent eclipse of the modern Tunisian Islamic movement, al-Nahda, and provides a comprehensive analysis of its political, social, and intellectual discourse."--Page 4 of cover.
Saved in:
| Main Author: | |
|---|---|
| Format: | Book |
| Language: | English |
| Published: |
Boulder, Colo. :
Westview Press,
1998.
|
| Series: | State, culture, and society in Arab North Africa ;
168. |
| Subjects: | |
| Tags: |
Add Tag
No Tags, Be the first to tag this record!
|
| LEADER | 03126cam a2200361 a 4500 | ||
|---|---|---|---|
| 001 | 007802471-4 | ||
| 005 | 20170915020530.0 | ||
| 008 | 971215s1998 cou b 001 0 eng | ||
| 010 | |a 97052574 | ||
| 020 | |a 0813334586 (alk. paper) | ||
| 035 | 0 | |a ocm38120684 | |
| 040 | |a DLC |c DLC |d DLC | ||
| 043 | |a f-ti--- | ||
| 050 | 0 | 0 | |a BP64.T7 |b H33 1998 |
| 082 | 0 | 0 | |a 322.4/2/09611 |2 21 |
| 100 | 1 | |a Ḥāmidī, Muḥammad al-Hāshimī. | |
| 245 | 1 | 4 | |a The politicisation of Islam : |b a case study of Tunisia / |c Mohamed Elhachmi Hamdi. |
| 260 | |a Boulder, Colo. : |b Westview Press, |c 1998. | ||
| 300 | |a xiii, 204 p. ; |c 24 cm. | ||
| 490 | 1 | |a State, culture, and society in Arab North Africa ; |v 168 | |
| 504 | |a Includes bibliographical references (p. 191-195) and index. | ||
| 505 | 0 | 0 | |t The Emergence of the Tunisian Islamic Movement -- |t Economic and Political Factors -- |t Religious and Cultural Factors -- |t The Movement's First Founders -- |t Embarking on a Mission -- |t The Politicisation Process -- |t Conflict on Campus -- |t The Government's Role in the Emergence of the Movement -- |t The Impact of the Liberal Experiment -- |t The Iranian Factor -- |t Secrecy: The Benefits and Costs -- |t The Discovery of the Secret Organisation -- |t The Creation of the Political Party -- |t Islamists v. Bourguiba 1981-1987 -- |t The First Confrontation, 1981-1984 -- |t The Truce of 1984-1986 -- |t The End of Bourguiba's Era -- |t Islamists v. Ben Ali 1987-1993 -- |t The Strategy of the New President -- |t Ben Ali Against the Islamists -- |t The Panic of the Islamists -- |t The Basis for a "Political" Islam -- |t The Party of Islam -- |t The Meaning and Implications of Jahiliyya -- |t The "Muslim" and the "Islamist" -- |t Islamism or Fundamentalism? -- |t The Principle of Comprehensiveness -- |t Islam and Secularism -- |t The Islamists' Islamic State -- |t The Evolution of Ghannouchi's Political Thought -- |t Islamic Democracy -- |t The Implications of Trusteeship -- |t Basic Human Rights in Islam -- |t The People's Authority -- |t The Status of Non-Muslims -- |t A Note on Tunisian Modernism -- |t The Response of Tunisian Elites -- |t The Implications of the Islamists' Programme -- |t The Question of Originality -- |t Issues of Identity and Westernisation -- |t Islam, Arabism, and Tunisian Identity -- |t The Role of Mzali -- |t The Fight Against Westernisation -- |t Signing the National Pact. |
| 520 | 1 | |a "The Politicisation of Islam: A Case Study of Tunisia traces the emergence, rise, and recent eclipse of the modern Tunisian Islamic movement, al-Nahda, and provides a comprehensive analysis of its political, social, and intellectual discourse."--Page 4 of cover. | |
| 610 | 2 | 0 | |a Ḥarakat al-Nahḍah (Tunisia) |
| 650 | 0 | |a Islam and politics |z Tunisia. | |
| 650 | 0 | |a Islam and state |z Tunisia. | |
| 650 | 0 | |a Islam |z Tunisia |x History |y 20th century. | |
| 651 | 0 | |a Tunisia |x Politics and government. | |
| 655 | 7 | |a History. |2 fast | |
| 776 | 0 | 8 | |i Online version: |a Ḥāmidī, Muḥammad al-Hāshimī. |t Politicisation of Islam. |d Boulder, Colo. : Westview Press, 1998 |w (OCoLC)605352396 |
| 830 | 0 | |a State, culture, and society in Arab North Africa ; |v 168. | |
| 988 | |a 20020608 | ||
| 906 | |0 DLC | ||


